000 00666nam a22002291c 4500
001 9783832963200-nbs
008 140922s2012 gw |||| 000u ger d
020 _a9783832963200
_9978-3-8329-6320-0
041 _ager
245 0 4 _aDer Zerfall der Sowjetunion :
_bUrsachen - Begleiterscheinungen - Hintergründe
264 _aBaden-Baden :
_bNomos,
_c2012
300 _a504 S.: graph. Darst.
648 0 _a1991
650 0 _aAuflösung
651 0 _aSowjetunion
655 0 _aAufsatzsammlung
700 1 _aMalek, Martin
_eHerausgeberIn
700 1 _aSchor-Tschudnowskaja, Anna
_eHerausgeberIn
942 _cMG
040 _cRU-10907106
003 RU-10907106
999 _c36342
_d36342